Strategic management theory (Record no. 76859)

MARC details
000 -LEADER
fixed length control field 01148nam a2200229 a 4500
008 - FIXED-LENGTH DATA ELEMENTS--GENERAL INFORMATION
fixed length control field 120416s2004 ||||||||||||||||| || u
020 ## - INTERNATIONAL STANDARD BOOK NUMBER
International Standard Book Number 0618497722
050 ## - LIBRARY OF CONGRESS CALL NUMBER
Classification number HD 30.28 Hil
100 ## - MAIN ENTRY--PERSONAL NAME
Personal name Hill, Charles W. L
245 10 - TITLE STATEMENT
Title Strategic management theory
246 ## -
-- an integrated approach
250 ## - EDITION STATEMENT
Edition statement 6th editio
260 ## - PUBLICATION, DISTRIBUTION, ETC.
Place of publication, distribution, etc. Boston
Name of publisher, distributor, etc. Houghton Mifflin
Date of publication, distribution, etc. 2004
300 ## - PHYSICAL DESCRIPTION
Extent 495p. : ill.
350 ## -
-- 0.00
650 #0 - SUBJECT ADDED ENTRY--TOPICAL TERM
Topical term or geographic name entry element MANAGEMENT
650 ## - SUBJECT ADDED ENTRY--TOPICAL TERM
Topical term or geographic name entry element STRATEGIC MANAGEMENT
995 ## -
-- MAIN LIBRARY OPEN ACCESS
-- 0.00
-- 736581
-- CBU-MAIN LIBRARY (Kitwe)
-- 4
-- 37.00
-- HD 30.28 Hil
-- 4
-- AVAILABLE
-- Jul 25, 2006
-- 40793
-- Main Library Open Access Collection
995 ## -
-- ANNEX COLLECTION (Main Library)
-- 0.00
-- 736580
-- CBU-MAIN LIBRARY (Kitwe)
-- 3
-- 37.00
-- HD 30.28 Hil
-- 3
-- AVAILABLE
-- Jul 20, 2006
-- 40795
-- Annex Low-Usage Collection
995 ## -
-- ANNEX COLLECTION (Main Library)
-- 0.00
-- 736583
-- CBU-MAIN LIBRARY (Kitwe)
-- 1
-- 37.00
-- HD 30.28 Hil
-- 1
-- AVAILABLE
-- 40796
-- Annex Low-Usage Collection
995 ## -
-- MAIN LIBRARY OPEN ACCESS
-- 0.00
-- 736582
-- CBU-MAIN LIBRARY (Kitwe)
-- 2
-- 37.00
-- HD 30.28 Hil
-- 2
-- AVAILABLE
-- 40794
-- Main Library Open Access Collection
999 ## -
-- 76859
-- 76859
Holdings
Withdrawn status Lost status Source of classification or shelving scheme Damaged status Not for loan Permanent Location Current Location Shelving location Date acquired Total Checkouts Full call number Barcode Date last seen Copy number Price effective from Koha item type
          CBU-MAIN LIBRARY, KITWE. CBU-MAIN LIBRARY, KITWE.   04/25/2023   HD 30.28 Hil 40793 04/25/2023 1 04/25/2023 MONOGRAPH
          CBU-MAIN LIBRARY, KITWE. CBU-MAIN LIBRARY, KITWE.   04/25/2023   HD 30.28 Hil 40795 04/25/2023 2 04/25/2023 MONOGRAPH
Withdrawn         CBU-MAIN LIBRARY, KITWE. CBU-MAIN LIBRARY, KITWE.   04/25/2023   HD 30.28 Hil 40796 04/25/2023 3 04/25/2023 MONOGRAPH
          CBU-MAIN LIBRARY, KITWE. CBU-MAIN LIBRARY, KITWE.   04/25/2023   HD 30.28 Hil 40794 04/25/2023 4 04/25/2023 MONOGRAPH